Sports Quiz

Random Sports or Football Quiz

Footballers played both in Valencia and Villarreal Quiz Stats

 Plays Quiz not verified by Sporcle

Score 0/27 Timer 05:00
0 Plays Today
Position Answer % Correct
ForwardRoberto Soldado
78.6%
DefenderRaul Albiol
64.3%
GoalkeeperCésar Sánchez
64.3%
MidfielderDavid Albelda
50%
Defender/MidfielderCarlos Marchena
42.9%
MidfielderDenis Cheryshev
42.9%
DefenderGabriel Paulista
42.9%
DefenderJaume Costa
42.9%
DefenderVictor Ruiz
35.7%
GoalkeeperAndrés Palop
35.7%
ForwardEnrique Claramunt Torres
35.7%
DefenderJose Enrique
21.4%
ForwardLuciano Vietto
21.4%
Midfielder/ForwardMiguel Ángel Angulo
21.4%
Position Answer % Correct
MidfielderJavi Fuego
14.3%
MidfielderJavier Farinós
14.3%
ForwardJuan Antonio Pizzi
7.1%
GoalkeeperJose Fransisco Molina
7.1%
MidfielderDennis Şerban
7.1%
Midfielder/ForwardJesús García Pitarch
7.1%
DefenderMiodrag Belodedici
0%
MidfielderRoberto Fernández Bonillo
0%
MidfielderNatxo Insa
0%
MidfielderJorge López Montaña
0%
DefenderGerardo García León
0%
DefenderÓscar Téllez
0%
MidfielderLíbero Parri
0%

You're not logged in!

Compare scores with friends on all Sporcle quizzes.
OR
Log In

Sporcle TV

Today on Sporcle TV


Watch our educational content, quiz creation guides, and fun videos on Sporcle TV.

Show Comments

Extras

Top Quizzes Today


Score Distribution

Your Account Isn't Verified!

In order to create a playlist on Sporcle, you need to verify the email address you used during registration. Go to your Sporcle Settings to finish the process.

Report this User

Report this user for behavior that violates our Community Guidelines.

Details: